LEADER 00678nam 2200193z- 450 001 9910842031203321 010 $a9786557144954 035 $a(CKB)5700000000520089 035 $a(EXLCZ)995700000000520089 100 $a20240313c2012uuuu -u- - 101 0 $aeng 200 10$aAlegrias engarrafadas: os alcoóis e a embriaguez na cidade de São Paulo no final do século XIX e começo do XX 210 $cEditora UNESP 311 $a85-393-0375-2 517 $aAlegrias engarrafadas 906 $aBOOK 912 $a9910842031203321 996 $aAlegrias engarrafadas: os alcoóis e a embriaguez na cidade de São Paulo no final do século XIX e começo do XX$94145926 997 $aUNINA